Priame zahraničné investície v novej ekonomike
Niektoré súvislosti priamych zahraničných investícií a novej ekonomiky a zmeny v oblasti priamych zahraničných investícií v dôsledku nástupu novej ekonomiky. Aktuálny vývoj v oblasti priamych zahraničných investícií.
Gespeichert in:
| 1. Verfasser: | |
|---|---|
| Format: | Buchkapitel |
| Sprache: | Slowakisch |
| Schlagworte: | |
| Tags: |
Keine Tags, Fügen Sie das erste Tag hinzu!
|
MARC
| LEADER | 00000nla$a2200000$$$4500 | ||
|---|---|---|---|
| 001 | 0123560 | ||
| 005 | 20240502072407.7 | ||
| 041 | 0 | |a slo | |
| 044 | |a SK | ||
| 245 | 1 | 0 | |a Priame zahraničné investície v novej ekonomike |c Peter Ferenc |
| 520 | |a Niektoré súvislosti priamych zahraničných investícií a novej ekonomiky a zmeny v oblasti priamych zahraničných investícií v dôsledku nástupu novej ekonomiky. Aktuálny vývoj v oblasti priamych zahraničných investícií. | ||
| 610 | 2 | 0 | |a investície priame zahraničné |
| 610 | 2 | 0 | |a ekonomika nová |
| 100 | 1 | |a Ferenc, Peter | |